| 000 | 00507cam a2200193ua 4500 | ||
|---|---|---|---|
| 020 | _c10.80 | ||
| 041 |
_aeng _h |
||
| 082 |
_a658.152 _bODO/EL |
||
| 100 | _aOdonnell, John L . | ||
| 245 | 0 | 0 |
_aElements of financial administration / _cJohn L Odonnell. _hTextual Documents |
| 250 |
_a1 / _b. |
||
| 260 |
_aNew Delhi : _bPrentice Hall of India Pvt Ltd. , _c1964. |
||
| 300 | _a681 ; . | ||
| 365 | _a10.80 | ||
| 504 | _a | ||
| 700 | 1 | _aGoldberg, Miltons . | |
| 942 | _cBK | ||
| 999 |
_c1852 _d1852 |
||